Tribal villages in Arunachal Pradesh: (Record no. 26079)

MARC details
000 -LEADER
fixed length control field 00995nam a22002657a 4500
005 - DATE AND TIME OF LATEST TRANSACTION
control field 20090505110443.0
008 - FIXED-LENGTH DATA ELEMENTS--GENERAL INFORMATION
fixed length control field 090505t xxu||||| |||| 00| 0 eng d
010 ## - LCCN (DPL NO)
LC control number ENG-93422
020 ## - INTERNATIONAL STANDARD BOOK NUMBER
International Standard Book Number 8188683418
Terms of availability 480.00
020 ## - INTERNATIONAL STANDARD BOOK NUMBER
International Standard Book Number 9788188683413
Terms of availability 480.00
035 ## - SYSTEM CONTROL NUMBER
System control number EN-76955
037 ## - SOURCE OF ACQUISITION
Source of stock number/acquisition DBAD / PUB
040 ## - CATALOGING SOURCE
Original cataloging agency dpl
Language of cataloging English
082 ## - DEWEY DECIMAL CLASSIFICATION NUMBER
Classification number 307.772
245 ## - TITLE STATEMENT
Title Tribal villages in Arunachal Pradesh:
Statement of responsibility, etc edited by Tamo Mibang [and] M.C. Behera
Remainder of title changing human interface /
260 ## - PUBLICATION, DISTRIBUTION, ETC. (IMPRINT)
Place of publication, distribution, etc Delhi
Name of publisher, distributor, etc Abhijeet Publications
Date of publication, distribution, etc 2004
270 ## - ADDRESS
Address 2/46 Tukhmeerpur Extension
City Delhi
Postal code 110094
300 ## - PHYSICAL DESCRIPTION
Extent xii, 225p.
Dimensions 22cm (Hb)
500 ## - GENERAL NOTE
General note Includes index
650 ## - SUBJECT ADDED ENTRY--TOPICAL TERM
Topical term or geographic name as entry element Tribes
Geographic subdivision India
-- Arunachal Pradesh.
700 ## - ADDED ENTRY--PERSONAL NAME
Personal name Mibang, Tamo
700 ## - ADDED ENTRY--PERSONAL NAME
Personal name Behera, M.C.
942 ## - ADDED ENTRY ELEMENTS (KOHA)
Source of classification or shelving scheme Dewey Decimal Classification
Item type English Books
Call number suffix TRI
Classification part 307.772
Holdings
Withdrawn status Lost status Source of classification or shelving scheme Damaged status Not for loan Collection code Home library Current library Date acquired Source of acquisition Cost, normal purchase price Total Checkouts Full call number Barcode Date last seen Copy number Cost, replacement price Koha item type
    Dewey Decimal Classification   Not For Loan Non-fiction D.B.Act.Division D.B.Act.Division 05/05/2009 DBAD / PUB 480.00   307.772 TRI EN-76955 05/05/2009 1 480.00 English Books

© Delhi Public Library
Hit Counter
free hit counter